One Last Time - Ariana Grande (All Lyrics) - Statistics

General Stats
  • This quiz has been taken 127 times
  • The average score is 361 of 397
Answer Stats
Lyrics % Correct
I
100%
a
99%
last
99%
one
99%
the
99%
time
99%
to
99%
you
99%
you,
99%
be
98%
in
98%
who
98%
go
97%
know
97%
know,
97%
need
97%
takes
96%
and
95%
home
95%
home,
95%
it,
95%
it
95%
that
95%
that,
95%
your
95%
don't
93%
so
93%
arms
92%
promise
92%
heart
91%
heart,
91%
let
91%
more
91%
my
91%
care
90%
got
90%
her
90%
if
90%
I'll
90%
i'll
90%
was
90%
but
89%
liar,
88%
liar
88%
me
88%
me?
88%
up
88%
with
87%
everything
86%
fire
86%
honest
86%
honest,
86%
is
86%
at
85%
gave
85%
give
85%
i'm
85%
really
84%
want
84%
without
82%
after
81%
'cause
81%
baby,
80%
baby
80%
being
80%
least
80%
she
80%
deserve
79%
like
79%
feel
78%
stay
78%
wake
78%
all
77%
here
77%
make
77%
should've
77%
worth
77%
failure,
76%
been
75%
minute,
75%
nothing
75%
this
75%
can't
74%
swear
74%
couldn't
73%
into
73%
just
73%
gives
70%
careful
69%
forgive
69%
failed
67%
fault,
67%
better,
65%
boy,
65%
done
64%
fought
60%
temporarily
57%
wanna
57%
yeah
52%
ya
46%
babe
37%
(babe)
37%
No matching quizzes found
Score Distribution
Percent of People with Each Score
Percentile by Number Answered
Your Score History
You have not taken this quiz